Państwa z największymi rezerwami ropy naftowej - Statystyki

Ogólne statystyki
  • Ten quiz został rozwiązany 120 razy
  • Średni wynik to 7 z 10
Statystyki odpowiedzi
Hint Odpowiedź % Poprawnych
266 455 mln baryłek Arabia Saudyjska
94%
80 000 mln baryłek Rosja
94%
97 800 mln baryłek Zjednoczone Emiraty Arabskie
83%
142 503 mln baryłek Irak
77%
158 400 mln baryłek Iran
77%
169 709 mln baryłek Kanada
68%
101 500 mln baryłek Kuwejt
66%
300 878 mln baryłek Wenezuela
60%
48 363 mln baryłek Libia
29%
37,1 mln baryłek Nigeria
29%
Nie znaleziono quizów pasujących do podanych kryteriów
Rozkład punktacji
Procent ludzi z każdym wynikiem
Percentyl według liczby udzielonych odpowiedzi
Twoja historia wyników
Nie rozwiązałeś tego quizu